| 000 | 00354nam a22001337a 4500 | ||
|---|---|---|---|
| 003 | NUST - PNEC | ||
| 005 | 20170116181004.0 | ||
| 008 | 150912b xxu||||| |||| 00| 0 eng d | ||
| 040 | _cLIBRARY | ||
| 082 | _a621.381 BAS | ||
| 245 |
_aBasic electricity /electroincs laboratory workbook _c- |
||
| 650 |
_99700 _bElectrical engineering _xEE |
||
| 942 |
_2ddc _cBK |
||
| 999 |
_c66820 _d66820 |
||